Cơ học lí thuyết

Đã lưu trong:
Bibliografiske detaljer
Hovedforfatter: Nguyễn Hữu Mình
Format: Bog
Sprog:Undetermined
Udgivet: Hà Nội Giáo dục 1986
Fag:
Tags: Tilføj Tag
Ingen Tags, Vær først til at tagge denne postø!
Thư viện lưu trữ: Trung tâm Học liệu Trường Đại học Cần Thơ
LEADER 00507nam a2200181Ia 4500
001 CTU_2228
008 210402s9999 xx 000 0 und d
082 |a 531 
082 |b M312 
100 |a Nguyễn Hữu Mình 
245 0 |a Cơ học lí thuyết 
245 0 |c Nguyễn Hữu Mình 
260 |a Hà Nội 
260 |b Giáo dục 
260 |c 1986 
650 |a mechanics 
904 |i Nguyễn Quang Điền, 960823 
980 |a Trung tâm Học liệu Trường Đại học Cần Thơ